Loading...
| Science - Chemistry | 4 | 0 | 0 | 0 | 60 | 11 | 39.50 | 1 | 4 | 24.17 | 31.82 |
| Mythology | 1 | 4 | 0 | 2 | 55 | 55 | 93.40 | 4 | 4 | 15.82 | 41.25 |
| Literature - European | 1 | 1 | 0 | 0 | 25 | 70 | 85.50 | 1 | 1 | 6.84 | 14.77 |
| History - Other | 0 | 2 | 0 | 0 | 20 | 84 | 90.00 | 1 | 1 | 6.68 | 13.75 |
| Fine Arts - Visual | 0 | 1 | 0 | 1 | 10 | 138 | 138.00 | 0 | 1 | 0.07 | 1.14 |
| History - European | 0 | 1 | 0 | 0 | 10 | 96 | 96.00 | 0 | 1 | 2.53 | 4.55 |
| Philosophy | 0 | 1 | 0 | 1 | 10 | 142 | 142.00 | 0 | 0 | 0.06 | 2.27 |
| Science - Other | 0 | 1 | 1 | 0 | 5 | 119 | 119.00 | 0 | 0 | 1.36 | 2.27 |
| Science - Physics | 0 | 0 | 1 | 0 | -5 | 0.00 | 0 | 0 | 0.00 | 0.00 |